Psicología social de las organizaciones / (Record no. 86496)

MARC details
000 -LEADER
campo de control de longitud fija 00988nam a2200289 i 4500
001 - NÚMERO DE CONTROL
campo de control 86496
003 - IDENTIFICADOR DE NÚMERO DE CONTROL
campo de control ES-MaACL
005 - FECHA Y HORA DE LA ÚLTIMA TRANSACCIÓN
campo de control 20250822035247.0
007 - CAMPO FIJO DE DESCRIPCIÓN FÍSICA--INFORMACIÓN GENERAL
campo de control de longitud fija t|
008 - DATOS DE LONGITUD FIJA--INFORMACIÓN GENERAL
campo de control de longitud fija 041213s1983 mx ||||1| spa d
020 ## - NÚMERO INTERNACIONAL ESTÁNDAR DEL LIBRO
Número Internacional Estándar del Libro 958-24-0547-5
100 1# - ENTRADA PRINCIPAL--NOMBRE DE PERSONA
Nombre de persona Katz, Daniel.
9 (RLIN) 67630
245 10 - MENCIÓN DEL TÍTULO
Título Psicología social de las organizaciones /
Mención de responsabilidad, etc. Daniel Katz, Robert L. Kahn ; traducción, Federico Patán ; revisión técnica, Fernando Arias Galicia.
250 ## - MENCION DE EDICION
Mención de edición 1ª ed., 3ª reimp.
260 ## - PUBLICACIÓN, DISTRIBUCIÓN, ETC.
Lugar de publicación, distribución, etc. México :
Nombre del editor, distribuidor, etc. Trillas,
Fecha de publicación, distribución, etc. 1983.
300 ## - DESCRIPCIÓN FÍSICA
Extensión 547 p. ;
Dimensiones 23 cm.
490 1# - MENCIÓN DE SERIE
Mención de serie Biblioteca de ciencias de la administración
504 ## - NOTA DE BIBLIOGRAFÍA, ETC.
Nota de bibliografía, etc. Bibliografía.
650 07 - PUNTO DE ACCESO ADICIONAL DE MATERIA--TÉRMINO DE MATERIA
Término de materia o nombre geográfico como elemento de entrada Psicología social
Fuente del encabezamiento o término embne
9 (RLIN) 16573
700 1# - ENTRADA AGREGADA--NOMBRE PERSONAL
Nombre de persona Kahn, Robert L.
9 (RLIN) 67426
700 1# - ENTRADA AGREGADA--NOMBRE PERSONAL
Nombre de persona Patán, Federico.
9 (RLIN) 89550
700 1# - ENTRADA AGREGADA--NOMBRE PERSONAL
Nombre de persona Arias Galicia, Fernando.
9 (RLIN) 22781
830 0# - PUNTO DE ACCESO ADICIONAL DE SERIE-TÍTULO UNIFORME
Título uniforme Biblioteca de ciencias de la administración
9 (RLIN) 231758
852 ## - LOCALIZACIÓN
Ubicación ES-MaACL
Número de control de estantería L-9092
Sublocalización o colección R.110932
852 ## - LOCALIZACIÓN
Ubicación ES-MaACL
Número de control de estantería L-6744
Holdings
Estatus retirado Estado de pérdida Estado de daño No para préstamo Biblioteca de origen Biblioteca actual Ubicación en estantería Fecha de adquisición Fuente de adquisición Total de préstamos Signatura topográfica completa Código de barras Visto por última vez Precio de reemplazo Tipo de ítem Koha
        Biblioteca del Ateneo de Madrid Biblioteca del Ateneo de Madrid Depósito 2 22/03/2019     L-6744 1200197 23/02/2023 23/02/2023 Libro impreso
        Biblioteca del Ateneo de Madrid Biblioteca del Ateneo de Madrid Depósito 2 17/01/2008     L-9092 1090367 23/02/2023 23/02/2023 Libro impreso